Central Library OPAC University of Rajshahi

Understanding social policy / (Record no. 1913)

MARC details
000 -LEADER
fixed length control field 00924cam a2200301 i 4500
001 - CONTROL NUMBER
control field 1913
003 - CONTROL NUMBER IDENTIFIER
rucl marc code BD-RjUL
005 - DATE AND TIME OF LATEST TRANSACTION
control field 20211208233435.0
008 - FIXED-LENGTH DATA ELEMENTS--GENERAL INFORMATION
fixed length control field 800910r19811980enk b 001 0 eng
020 ## - INTERNATIONAL STANDARD BOOK NUMBER
International Standard Book Number 0631181709
International Standard Book Number 0631181806 (pbk.)
035 ## - SYSTEM CONTROL NUMBER
System control number (BD-RjUL)1940
040 ## - CATALOGING SOURCE
Original cataloging agency DLC
Transcribing agency DLC
Modifying agency DLC
-- BD-RjUL
Language of cataloging eng
041 ## - LANGUAGE CODE
Language code of text/sound track or separate title eng
082 00 - DEWEY DECIMAL CLASSIFICATION NUMBER
Classification number 361.610941
Edition number 19
Author mark and year HIU 1981
100 1# - MAIN ENTRY--PERSONAL NAME
Personal name Hill, Michael J.
Fuller form of name (Michael James),
Dates associated with a name 1937-
9 (RLIN) 6318
245 10 - TITLE STATEMENT
Title Understanding social policy /
Statement of responsibility, etc. Michael Hill.
260 ## - PUBLICATION, DISTRIBUTION, ETC. (IMPRINT)
Place of publication, distribution, etc. Oxford :
Name of publisher, distributor, etc. Blackwell : M. Robertson,
Date of publication, distribution, etc. c1980 [Reprinted 1981].
300 ## - PHYSICAL DESCRIPTION
Pagination vii, 280 p. ;
Size 23 cm.
490 0# - SERIES STATEMENT
Series statement Aspects of social policy
504 ## - BIBLIOGRAPHY, ETC. NOTE
Bibliography, etc Includes bibliographical references and indexes.
650 #0 - SUBJECT ADDED ENTRY--TOPICAL TERM
Topical term or geographic name as entry element Welfare state.
9 (RLIN) 5383
Topical term or geographic name as entry element Welfare economics.
9 (RLIN) 6319
651 #0 - SUBJECT ADDED ENTRY--GEOGRAPHIC NAME
Geographic name Great Britain
General subdivision Social policy.
9 (RLIN) 6303
942 ## - ADDED ENTRY ELEMENTS (KOHA)
Source of classification or shelving scheme Dewey Decimal Classification
Koha item type Books
Holdings
Lost status Source of classification or shelving scheme Damaged status Not for loan Collection code Permanent Location Current Location Shelving location Date acquired Cost, normal purchase price Total Checkouts Full call number Date last seen Copy number Koha item type
  Dewey Decimal Classification   Not For Loan Non-fiction Central Library, University of Rajshahi Central Library, University of Rajshahi Reading Room 10/05/1983 5.95   361.610941 HIU 1981 09/12/2013 C-1 Books